000 00709nam a2200217Ia 4500
003 GCL
008 140319s9999 xx 000 0 ara d
040 _aGCL /
_cGCL
082 0 4 _a920
_bأ د
100 1 _aمحمد محمد الجوادى
245 1 0 _aالدكتور نجيب محفوظ : رائد اطباء النساء والولادة /
_cمحمد محمد الجوادى
260 _a[S.N] :
_bالهيئة المصرية العامة للكتاب ،
_c1986
300 _a169 ص
490 _aاعلام العرب
_v0
650 0 4 _aالطب
650 0 4 _aامراض
650 0 4 _aالنساء
650 0 4 _aالولادة
650 0 4 _aنجيب محفوظ (الطبيب)
942 _2ddc
_cBK
999 _c28513
_d28513